| 000 | 00448pab a2200181 454500 | ||
|---|---|---|---|
| 008 | 180718b2007 xxu||||| |||| 00| 0 eng d | ||
| 100 | _aPrabhakar, R.K. | ||
| 245 | _aPost-74th amendment scenario in Haryana | ||
| 260 | _c2007 | ||
| 300 | _ap.37-44. | ||
| 362 | _aJul-Sep | ||
| 650 | _aLocal government - India - Haryana | ||
| 650 | _aLocal government | ||
| 700 | _aArora, Subhash C. | ||
| 773 | _aNagarlok | ||
| 908 | _aN | ||
| 909 | _a77513 | ||
| 999 |
_c77513 _d77513 |
||